Présidents du jury du Festival de Cannes - Statistiques

Statistiques générales
  • Ce quiz a été pris 162 fois
  • Le résultat moyen est 27 sur 76
Statistiques - réponses
Année Pays Rôle Nom % Correct
2022 France Acteur Vincent Lindon
77%
2017 Espagne Réalisateur/Scénariste/Producteur Pedro Almodóvar
73%
2014 Nouvelle-Zélande Réalisatrice Jane Campion
70%
2019 Mexique/Espagne Réalisateur/Scénariste/Producteur Alejandro González Iñárritu
68%
2021 États-Unis Réalisateur/Scénariste/Producteur Spike Lee
68%
2013 États-Unis Réalisateur/Producteur Steven Spielberg
67%
1994 France Actrice Catherine Deneuve
63%
2015 États-Unis Réalisateur/Scénariste/Producteur Ethan Coen
61%
2015 États-Unis Réalisateur/Scénariste/Producteur Joel Coen
61%
1991 France/Pologne Réalisateur Roman Polanski
61%
2018 Australie Actrice Kate Blanchett
60%
2004 États-Unis Réalisateur Quentin Tarantino
60%
1994 États-Unis Acteur/Réalisateur Clint Eastwood
59%
2009 France Actrice Isabelle Huppert
59%
1998 États-Unis Réalisateur/Producteur Martin Scorsese
59%
2011 États-Unis Acteur Rober De Niro
59%
2012 Italie Réalisateur/Acteur Nanni Moretti
56%
1973 Suède Actrice Ingrid Bergman
55%
1997 France Actrice Isabelle Adjani
55%
1999 Canada Réalisateur David Cronenberg
54%
1996 États-Unis Réalisateur Francis Ford Coppola
54%
2006 Chine (Hong-Kong) Réalisateur/Producteur Wong Kar-wai
52%
2002 États-Unis Réalisateur/Acteur/Peintre David Lynch
51%
1992 France Acteur/Producteur Gérard Depardieu
51%
2005 Serbie/France Réalisateur/Musicien Emir Kusturica
50%
2016 Australie Réalisateur/Scénariste/Producteur George Miller
50%
2000 France Réalisateur/Producteur Luc Besson
49%
1975 France Actrice/Chanteuse Jeanne Moreau
45%
1995 France Actrice/Chanteuse Jeanne Moreau
45%
1985 Tchécoslovaquie/États-Unis Réalisateur Miloš Forman
44%
1989 Allemagne Réalisateur Wim Wenders
44%
2010 États-Unis Réalisateur/Producteur/Scénariste Tim Burton
43%
2008 États-Unis Acteur/Réalisateur Sean Penn
40%
1953 France Écrivain/Réalisateur Jean Cocteau
39%
1954 France Écrivain/Réalisateur Jean Cocteau
39%
1987 France Acteur/Chanteur Yves Montand
38%
1969 Italie Réalisateur Luchino Visconti
37%
2001 Norvège Actrice/Réalisatrice Liv Ullmann
35%
1990 Italie Réalisateur Bernardo Bertolucci
34%
1964 Allemagne Réalisateur Fritz Lang
33%
2003 France Réalisateur/Metteur en scène Patrice Chéreau
32%
1977 Italie Réalisateur Roberto Rossellini
32%
1988 Italie Réalisteur/Scénariste Ettore Scola
30%
1979 France Écrivaine/Scénariste Françoise Sagan
29%
1980 États-Unis Acteur Kirk Douglas
29%
1966 Italie Actrice Sophia Loren
29%
1978 États-Unis Producteur/Réalisateur Alan Jay Pakula
23%
1993 France Réalisateur Louis Malle
23%
1971 France Actrice Michèle Morgan
23%
1976 États-Unis Écrivain Tennessee Williams
20%
1951 France Écrivain André Maurois
17%
1957 France Écrivain André Maurois
17%
1981 France Réalisateur Jacques Deray
17%
1970 Guatemala Écrivain/Diplomate Miguel Ángel Asturias
17%
1961 France Écrivain Jean Giono
15%
1972 États-Unis Réalisateur Joseph Losey
15%
1952 France Écrivain Maurice Genevoix
15%
1965 États-Unis Actrice Olivia de Havilland
15%
1974 France Écrivain/Réalisateur René Clair
15%
1955 France Écrivain/Réalisateur Marcel Pagnol
13%
1960 Belgique Écrivain Georges Simenon
12%
2007 États-Unis Réalisateur Stephen Frears
12%
1946 France Historien Georges Huisman
11%
1947 France Historien Georges Huisman
11%
1949 France Historien Georges Huisman
11%
1986 États-Unis Réalisteur/Acteur Sydney Pollack
11%
1984 Royaume-Uni Acteur Dirk Bogarde
10%
1958 France Écrivain Marcel Achard
10%
1959 France Écrivain Marcel Achard
10%
1983 États-Unis Écrivain William Styron
10%
1967 Italie Réalisateur Alessandro Blasetti
6%
1968 France Écrivain André Chamson
6%
1982 Italie Metteur en scène Giorgio Strehler
4%
1963 France Écrivain Armand Salacrou
2%
1956 France Réalisateur/Producteur Maurice Lehmann
2%
1962 Japon Poète/Ambassadeur Tetsurō Furukaki
2%
Aucun quiz correspondant
Distribution des résultats
% des personnes avec chaque résultat
Percentile par nombre de réponses
Votre historique - résultats
Vous n’avez pas pris ce quiz